[Event "Challenge01"]
[Site "http://www.queenalice.com/game.php?id=1199226"]
[Date "2013.7.12"]
[Round "-"]
[White "ulisses67"]
[Black "Christian_now2"]
[Result "1-0"]
[WhiteElo "1537"]
[BlackElo "1100"]

1. c4 b6 2. d4 d6 3. c5 bxc5 4. e4 Nf6 5. Nf3 Qd7 6. e5 Qe6 7. Ng5 Qf5 8. exf6
exf6 9. Bd3 Qd5 10. Be4 Qxd4 11. Qxd4 cxd4 12. Bxa8 fxg5 13. Bxg5 d5 14. Bxd5
Bb4+ 15. Nc3 O-O 16. O-O dxc3 17. bxc3 Bxc3 18. Rac1 Bb2 19. Rxc7 Bd4 20. Rb1
Bb6 21. Re7 g6 22. Bh6 Bf5 23. Bxf7+ Rxf7 24. Re8+ Rf8 25. Rxf8# 1-0

[Event "Challenge01"]
[Site "http://www.queenalice.com/game.php?id=1199227"]
[Date "2013.7.12"]
[Round "-"]
[White "ROYANDROLL"]
[Black "Christian_now2"]
[Result "0-1"]
[WhiteElo "1393"]
[BlackElo "1100"]

1. e4 Nc6 2. c4 Nb4 3. a3 Na6 4. Nc3 d6 5. d4 Be6 6. d5 Bd7 7. b4 e6 8. Nf3 Qf6
9. Bb2 e5 10. h4 O-O-O 11. Be2 h5 12. c5 dxc5 13. Bxa6 Qxa6 14. Nxe5 Rh6 15.
Nxf7 Rf6 16. Nxd8 Kxd8 17. Qxh5 Be8 18. Qh7 Qd6 19. Qxg8 Qf4 20. Nd1 Qxe4+ 21.
Ne3 Rf7 22. bxc5 b6 23. cxb6 axb6 24. Rd1 Qa4 25. Qh7 Qb3 26. Qd3 Qxb2 27. Qa6
Bb5 28. Qa8+ Kd7 29. Rd2 Qc1+ 30. Rd1 Qc3+ 31. Rd2 Qa1+ 32. Rd1 Bb4+ 33. axb4
Qxa8 34. Kd2 Qa2+ 35. Kc1 Rxf2 36. Nc2 Qxc2# 0-1

[Event "Challenge01"]
[Site "http://www.queenalice.com/game.php?id=1199228"]
[Date "2013.7.12"]
[Round "-"]
[White "Christian_now2"]
[Black "bruno2009fc"]
[Result "0-1"]
[WhiteElo "1178"]
[BlackElo "1433"]

1. c3 e5 2. a4 Nf6 3. Ra3 Bxa3 4. Nxa3 O-O 5. Qb3 Nc6 6. d3 h6 7. Nc4 d5 8. Ne3
Be6 9. Qxb7 Na5 10. Qb5 c6 11. Qb4 Rb8 12. Qc5 d4 13. cxd4 Nb3 14. Qc3 exd4 15.
Qc2 dxe3 16. Bxe3 Qc7 17. Nf3 Ng4 18. Bd2 Nxd2 19. Qxd2 Qb6 20. e3 Qb4 21. Be2
Qxd2+ 22. Nxd2 Rxb2 23. f3 Nxe3 24. Kf2 Rxd2 25. Kxe3 Ra2 26. Rc1 Rxa4 27. Rxc6
Re8 28. Bd1 Bd5+ 29. Kd2 Bxc6 30. g3 Ra2+ 31. Kc3 Rc8 32. Kd4 Ba4 33. Bxa4 Rxa4+
34. Ke3 Rb4 35. h3 a5 36. f4 a4 37. d4 a3 38. g4 a2 39. Ke4 a1=Q 40. Ke5 Qxd4+
41. Kf5 Rb5# 0-1

[Event "Challengeoo"]
[Site "http://www.queenalice.com/game.php?id=1199738"]
[Date "2013.7.14"]
[Round "-"]
[White "Christian_now2"]
[Black "Ana_Cris"]
[Result "0-1"]
[WhiteElo "1331"]
[BlackElo "1119"]

1. c3 g5 2. a4 d5 3. Ra3 a5 4. c4 d4 5. Qc2 Bg7 6. Rb3 Be5 7. Rb5 Bf4 8. Rd5 Bd7
9. Qf5 e6 10. Re5 Qf6 11. e4 Nc6 12. Be2 Nxe5 13. Qxf6 Nxf6 14. b3 Bc6 15. Nh3
O-O-O 16. O-O Bxe4 17. Ba3 g4 18. Be7 Rdg8 19. Bxf6 gxh3 20. Bxh8 hxg2 21. Rc1
Rxh8 22. Bh5 Nf3+ 23. Kxg2 Nxh2+ 24. Kh3 Rg8 25. Bxf7 Rf8 26. Bxe6+ Kb8 27. Re1
Bf3 28. Rg1 Rf6 29. Rg8+ Ka7 30. Bg4 Nxg4 31. Rxg4 Bxg4+ 32. Kxg4 h6 33. Na3
Bxd2 34. Nc2 Rf4+ 0-1

[Event "Challenge"]
[Site "http://www.queenalice.com/game.php?id=1201294"]
[Date "2013.7.20"]
[Round "-"]
[White "Christian_now2"]
[Black "dlabedz"]
[Result "1-0"]
[WhiteElo "1249"]
[BlackElo "1407"]

1. c3 e5 2. a3 d5 3. e3 e4 4. Bb5+ c6 5. Be2 g6 6. b3 h5 7. Bb2 Bg7 8. a4 a5 9.
Nh3 Be6 10. O-O Bf6 11. b4 axb4 12. Qb3 c5 13. Rc1 d4 14. c4 d3 15. Bd1 Nc6 16.
Ra2 Na5 17. Bxf6 Qxf6 18. Qb2 g5 19. Nc3 Bxc4 20. Raa1 g4 21. Nf4 Qg5 22. Nb5
Bxb5 23. Qxh8 Kf8 24. Nxh5 Ke7 25. axb5 b6 26. Qh7 Nf6 27. f4 Qg6 28. Nxf6 Kxf6
29. Qh4+ Kg7 30. Bxg4 Rh8 31. Qg3 Nb3 32. f5 Qf6 33. Bh5+ Kf8 34. Ra8+ Ke7 35.
Ra7+ Ke8 36. Qb8+ 1-0

[Event "Challenge"]
[Site "http://www.queenalice.com/game.php?id=1202657"]
[Date "2013.7.26"]
[Round "-"]
[White "thigo"]
[Black "Christian_now2"]
[Result "0-1"]
[WhiteElo "1435"]
[BlackElo "1104"]

1. e4 c6 2. Qf3 Nf6 3. Nh3 b6 4. e5 Nd5 5. Bc4 e6 6. d3 b5 7. Bxd5 cxd5 8. O-O
Bb7 9. Ng5 d4 10. Qxb7 Nc6 11. c4 Rb8 12. Qa6 Rb6 13. Nxf7 Kxf7 14. Bg5 Qb8 15.
Qxb6 axb6 16. cxb5 Nb4 17. Na3 Qxe5 18. Bd2 Bd6 19. Nc4 Qd5 20. Nxb6 Qe5 21. g3
Nc2 22. Rac1 Nb4 23. Nxd7 Qxb5 24. a3 Nxd3 25. Rc2 Qxd7 26. Ba5 Qa4 27. Rc6 Ra8
28. Rxd6 Rxa5 29. Kg2 Rg5 30. h4 Nf4+ 31. Kf3 Rf5 32. g4 Qb3+ 33. Ke4 Qd3# 0-1

[Event "P£@¥   Ag@in*"]
[Site "http://www.queenalice.com/game.php?id=1207115"]
[Date "2013.8.11"]
[Round "-"]
[White "Ana_Cris"]
[Black "Christian_now2"]
[Result "0-1"]
[WhiteElo "1403"]
[BlackElo "1180"]

1. Nf3 e6 2. d4 Qe7 3. e4 Qd6 4. Nc3 h5 5. Bg5 Qb4 6. Rb1 f6 7. Bf4 d6 8. Bb5+
Bd7 9. Qd2 d5 10. exd5 exd5 11. b3 g5 12. Bd3 Ne7 13. Bxc7 Bh6 14. O-O g4 15. a3
Qxa3 16. Qe1 gxf3 17. gxf3 Rg8+ 18. Bg3 Bh3 19. Nb5 Qa2 20. Nc7+ Kf7 21. Nxa8 h4
22. Qb4 Bxf1 23. Rxf1 hxg3 24. fxg3 Nbc6 25. Qxb7 Rb8 26. Qd7 Rc8 27. Re1 Qb2
28. Qe6+ Ke8 29. Qxf6 Qxd4+ 30. Kg2 Qxf6 31. h4 Rxa8 32. h5 Nd4 33. g4 Qxf3+ 34.
Kg1 Qg3+ 35. Kf1 Bd2 36. h6 Bxe1 37. c3 Qf2# 0-1

[Event "Challenge"]
[Site "http://www.queenalice.com/game.php?id=1207460"]
[Date "2013.8.12"]
[Round "-"]
[White "serard1"]
[Black "Christian_now2"]
[Result "1-0"]
[WhiteElo "1280"]
[BlackElo "1149"]

1. Nh3 d5 2. b3 Qd6 3. e3 Nc6 4. c3 a5 5. Qf3 Be6 6. Bd3 Ne5 7. Qh5 Nxd3+ 8. Kd1
Nxc1 9. Kxc1 Nf6 10. Qf3 Bg4 11. Qf4 e5 12. Qa4+ Bd7 13. Qa3 Qa6 14. b4 e4 15.
bxa5 1-0

[Event "Challenge"]
[Site "http://www.queenalice.com/game.php?id=1210526"]
[Date "2013.8.22"]
[Round "-"]
[White "heberesteves"]
[Black "Christian_now2"]
[Result "0-1"]
[WhiteElo "1755"]
[BlackElo "1228"]

1. e4 d5 2. e5 Nc6 3. Nf3 Nh6 4. d4 Ng4 5. h3 Nh6 6. Bxh6 gxh6 7. c4 dxc4 8.
Bxc4 Bf5 9. a3 Rg8 10. b4 e6 11. b5 Nb4 12. axb4 Bxb4+ 13. Nbd2 Bc3 14. Ra3 Bb4
15. Ra4 Be7 16. O-O Bg5 17. Nxg5 Qxg5 18. Qf3 Bc2 19. Nb3 f5 20. Qxb7 Be4 21.
Qxe4 fxe4 22. g3 e3 23. h4 Qg4 24. fxe3 Qxg3+ 25. Kh1 Qg2# 0-1

[Event "K.O"]
[Site "http://www.queenalice.com/game.php?id=1213763"]
[Date "2013.9.2"]
[Round "-"]
[White "Christian_now2"]
[Black "ROYANDROLL"]
[Result "0-1"]
[WhiteElo "1209"]
[BlackElo "1381"]

1. e4 e5 2. Nf3 Nc6 3. Nc3 a6 4. Nd5 Bd6 5. d4 exd4 6. e5 Bb4+ 7. Bd2 Bxd2+ 8.
Nxd2 Nge7 9. Bc4 Nxe5 10. Qe2 f6 11. Ne4 Nxd5 12. Bxd5 c6 13. Nd6+ Ke7 0-1